00409nam a2200169Ia 4500008004100000082001300041082001400054100001800068245002300086260003300109260000700142300000800149600001800157630002300175700001800198730002300216151121s9999||||xx |||||||||||||| ||und|| a080 /RAN bHNW-68099 aRanade Eknath aSadhana of Service b"Vivekananda Kemdra, Madras" c-- a135 aRanade Eknath aSadhana of Service aRanade Eknath aSadhana of Service